1007 1645 1809 1836 1445 1286 1970 1100 1309 1294 1638 1221 1736 1623 1871 1336 1849 1874 1815 1972 1018 1920 1401 1633 1508 1744 1451 1675 1767 1066 1807 1516 1383 1312 1099 1458 1542 1105 1396 1653 1666 1050 1363 1304 1023 1768 1773 1485 1674 1355 1081 1892 1189 1567 1735 1490 1617 1518 1266 1109 1192 1119 1160 1122 1401 1608 1289 1106 1495 1064 1894 1631 1096 1491 1970 1652 1477 1127 1375 1472 1726 1258 1579 1494 1039 1304 1114 1444 1083 1573 1536 1216 1997 1651 1593 1147 1203 1334 1771 BCNSPRNW ULIB Ver.6.0+V

เปลี่ยนเป็นภาษาไทย

Change to English
 แสดงรายละเอียดบรรณานุกรม
  กลับหน้าหลัก

Brief Record : Get Marc (ISO 2709) : E-mail record : QR code < ปิดหน้าต่าง
LEADER : 00000nam 2200000uu 4500
001    13399121097
003     ULIB
008    121106s2548||||th 000 0 tha d
020    ^a9749756584(ล.2)
050  4 ^aK245.T5^bส719ค ล.2 2548
110 1  ^aมหาวิทยาลัยสุโขทัยธรรมาธิราช^bสาขาวิชานิติศาสตร์
245 00 ^aเอกสารการสอนชุดวิชา ความรู้เบื้องต้นเกี่ยวกับกฎหมายทั่วไป 8-15=^bGeneral princiles of law /^cสาขาวิชานิติศาสตร์ มหาวิทยาลัยสุโขทัยธรรมาธิราช
246 31 ^aGeneral princiles of law
250    ^aพิมพ์ครั้งที่ 2
260    ^aนนทบุรี:^bศูนย์หนังสือมหาวิทยาลัยสุโขทัยธรรมาธิราช,^c2548
300    ^a324 หน้า
650  7 ^aกฎหมาย
945    ^p0^l0^i24379
995    ^aกัณชพร
999 ^a ใช้งานได้ทุกระบบ
รายการนี้ยังไม่มีแท็ก
คุณยังไม่ได้ล็อกอิน คุณสามารถมีกิจกรรมร่วมกับเว็บไซต์ได้ แต่ต้องล็อกอินก่อน ::
  ล็อกอิน

รายการสื่อสารสนเทศ

ลำดับที่ ประเภท เลขเรียก/บาร์โค้ด สถานที่ สถานะ
1. วิทยาศาสตร์การแพทย์ และสุขภาพ
วิทยาศาสตร์การแพทย์ และสุขภาพ
K245.T5 ส719ค ล.2 2548  
  Barcode: 24379
ห้องสมุดวิทยาเขตสวรรค์ประชารักษ์
►หนังสือทั่วไป
บนชั้น

รายการใกล้เคียง
    หัวเรื่อง [กฎหมาย]

BibComment


ยังไม่เคยถูกคอมเมนท์

คอมเมนท์ทรัพยากรรายการนี้
  คอมเมนท์: เอกสารการสอนชุดว..


 Copyright 2026. Bcnsprnw @Library